<?xml version="1.0" encoding="UTF-8"?>
<record
    xmlns:xsi="http://www.w3.org/2001/XMLSchema-instance"
    xsi:schemaLocation="http://www.loc.gov/MARC21/slim http://www.loc.gov/standards/marcxml/schema/MARC21slim.xsd"
    xmlns="http://www.loc.gov/MARC21/slim">

  <leader>01043cam a2200313 i 4500</leader>
  <controlfield tag="001">2293118</controlfield>
  <controlfield tag="003">YEEZEN</controlfield>
  <controlfield tag="005">20241230160828.0</controlfield>
  <controlfield tag="008">221230s2023    ch d   g      000 0 chi d</controlfield>
  <datafield tag="020" ind1=" " ind2=" ">
    <subfield code="a">9786263296565</subfield>
    <subfield code="q">(&#x5E73;&#x88DD;) :</subfield>
    <subfield code="c">NT$350</subfield>
  </datafield>
  <datafield tag="040" ind1=" " ind2=" ">
    <subfield code="a">NDHU</subfield>
    <subfield code="b">chi</subfield>
    <subfield code="c">NDHU</subfield>
    <subfield code="d">NDHU</subfield>
    <subfield code="e">ccr</subfield>
  </datafield>
  <datafield tag="041" ind1="1" ind2=" ">
    <subfield code="a">chi</subfield>
    <subfield code="h">jpn</subfield>
  </datafield>
  <datafield tag="042" ind1=" " ind2=" ">
    <subfield code="a">nbic</subfield>
  </datafield>
  <datafield tag="066" ind1=" " ind2=" ">
    <subfield code="c">$1</subfield>
  </datafield>
  <datafield tag="084" ind1=" " ind2=" ">
    <subfield code="a">544.143</subfield>
    <subfield code="2">ncsclt</subfield>
  </datafield>
  <datafield tag="090" ind1=" " ind2=" ">
    <subfield code="a">544.143</subfield>
  </datafield>
  <datafield tag="100" ind1="1" ind2=" ">
    <subfield code="a">&#x5C0F;&#x6797;&#x7F8E;&#x5E0C;</subfield>
    <subfield code="e">&#x8457;</subfield>
  </datafield>
  <datafield tag="240" ind1="1" ind2="0">
    <subfield code="a">&#x592B;&#x306B;&#x6B7B;&#x3093;&#x3067;&#x307B;&#x3057;&#x3044;&#x59BB;&#x305F;&#x3061;</subfield>
    <subfield code="l">&#x4E2D;&#x6587;</subfield>
  </datafield>
  <datafield tag="245" ind1="1" ind2="0">
    <subfield code="a">&#x8001;&#x516C;&#x600E;&#x9EBC;&#x9084;&#x4E0D;&#x53BB;&#x6B7B; :</subfield>
    <subfield code="b">&#x5BB6;&#x4E8B;&#x80B2;&#x5152;&#x5168;&#x653E;&#x68C4;&#x9084;&#x8981;&#x4EBA;&#x670D;&#x4F8D;?! &#x4F86;&#x81EA;&#x7D55;&#x671B;&#x59BB;&#x5B50;&#x5011;&#x7684;&#x6DF1;&#x5C64;&#x6012;&#x543C; /</subfield>
    <subfield code="c">&#x5C0F;&#x6797;&#x7F8E;&#x5E0C;&#x8457; ; &#x9673;&#x59F5;&#x541B;&#x8B6F;</subfield>
  </datafield>
  <datafield tag="246" ind1="1" ind2=" ">
    <subfield code="a">&#x5BB6;&#x4E8B;&#x80B2;&#x5152;&#x5168;&#x653E;&#x68C4;&#x9084;&#x8981;&#x4EBA;&#x670D;&#x4F8D;&#x4F86;&#x81EA;&#x7D55;&#x671B;&#x59BB;&#x5B50;&#x5011;&#x7684;&#x6DF1;&#x5C64;&#x6012;&#x543C;</subfield>
  </datafield>
  <datafield tag="250" ind1=" " ind2=" ">
    <subfield code="a">&#x521D;&#x7248;</subfield>
  </datafield>
  <datafield tag="260" ind1=" " ind2=" ">
    <subfield code="a">&#x81FA;&#x5317;&#x5E02; :</subfield>
    <subfield code="b">&#x81FA;&#x7063;&#x6771;&#x8CA9;&#x80A1;&#x4EFD;&#x6709;&#x9650;&#x516C;&#x53F8;, </subfield>
    <subfield code="c">2023.01</subfield>
  </datafield>
  <datafield tag="300" ind1=" " ind2=" ">
    <subfield code="a">241&#x9762; :</subfield>
    <subfield code="b">&#x5716;&#x8868; ;</subfield>
    <subfield code="c">21&#x516C;&#x5206;</subfield>
  </datafield>
  <datafield tag="500" ind1=" " ind2=" ">
    <subfield code="a">&#x8B6F;&#x81EA; : &#x592B;&#x306B;&#x6B7B;&#x3093;&#x3067;&#x307B;&#x3057;&#x3044;&#x59BB;&#x305F;&#x3061;</subfield>
  </datafield>
  <datafield tag="650" ind1=" " ind2="7">
    <subfield code="a">&#x592B;&#x59BB;</subfield>
    <subfield code="2">csht.</subfield>
  </datafield>
  <datafield tag="650" ind1=" " ind2="7">
    <subfield code="a">&#x5BB6;&#x5EAD;&#x95DC;&#x4FC2;</subfield>
    <subfield code="2">cst.</subfield>
  </datafield>
  <datafield tag="700" ind1="1" ind2=" ">
    <subfield code="a">&#x9673;&#x59F5;&#x541B;</subfield>
    <subfield code="e">&#x8B6F;</subfield>
  </datafield>
  <datafield tag="942" ind1=" " ind2=" ">
    <subfield code="2">ccl</subfield>
    <subfield code="c">BOOK</subfield>
  </datafield>
  <datafield tag="999" ind1=" " ind2=" ">
    <subfield code="c">7631</subfield>
    <subfield code="d">7631</subfield>
  </datafield>
  <datafield tag="952" ind1=" " ind2=" ">
    <subfield code="0">0</subfield>
    <subfield code="1">0</subfield>
    <subfield code="2">ccl</subfield>
    <subfield code="4">0</subfield>
    <subfield code="7">0</subfield>
    <subfield code="a">yeezen</subfield>
    <subfield code="b">yeezen</subfield>
    <subfield code="c">YEEZEN</subfield>
    <subfield code="d">2024-12-30</subfield>
    <subfield code="l">11</subfield>
    <subfield code="m">6</subfield>
    <subfield code="o">544.143</subfield>
    <subfield code="p">C03215</subfield>
    <subfield code="r">2026-03-13 00:00:00</subfield>
    <subfield code="s">2026-03-13</subfield>
    <subfield code="w">2024-12-30</subfield>
    <subfield code="y">BOOK</subfield>
    <subfield code="z">&#x59BB;&#x5B50;&#x7684;&#x300C;&#x671F;&#x671B;&#x300D;&#x8207;&#x4E08;&#x592B;&#x300C;&#x5BE6;&#x969B;&#x8868;&#x73FE;&#x300D;&#x7684;&#x843D;&#x5DEE;,&#x9060;&#x9060;&#x8D85;&#x4E4E;&#x4F60;&#x7684;&#x60F3;&#x50CF;&#x3002; &#x6700;&#x7D42;,&#x9023;&#x767C;&#x6012;&#x90FD;&#x5ACC;&#x7D2F;&#x7684;&#x59BB;&#x5B50;&#x53EA;&#x80FD;&#x6697;&#x81EA;&#x5462;&#x5583;&#xFF1A;&#x300C;&#x600E;&#x9EBC;&#x4E0D;&#x5FEB;&#x9EDE;&#x6B7B;&#x4E00;&#x6B7B;&#x2026;&#x2026;&#x300D; &#x5BE6;&#x969B;&#x6848;&#x4F8B;&#x771F;&#x5FC3;&#x544A;&#x767D; *&#x5C08;&#x5BB6;&#x89C0;&#x9EDE;&#x5206;&#x6790;  &#x4EE4;&#x4E16;&#x9593;&#x7537;&#x6027;&#x6230;&#x6144;,&#x5927;&#x611F;&#x9707;&#x64BC;&#x7684;&#x7D00;&#x5BE6;&#x5831;&#x5C0E;!</subfield>
  </datafield>
</record>
